书目信息 |
| 题名: |
制度、制度变迁与经济绩效
|
|
| 作者: | 诺思 著 ;杭行 译 | |
| 分册: | ||
| 出版信息: | 上海 格致出版社 2016 |
|
| 页数: | 40, 176页 | |
| 开本: | 24cm | |
| 丛书名: | 世纪中国论坛典藏文库 | |
| 单 册: | ||
| 中图分类: | F014.1 , F091.349 | |
| 科图分类: | ||
| 主题词: | 制度经济学--zhi du jing ji xue | |
| 电子资源: | ||
| ISBN: | 978-7-5432-2650-0 | |
| 000 | 01440nam 2200337 450 | |
| 001 | 2344660659 | |
| 005 | 20231217125921.80 | |
| 010 | @a978-7-5432-2650-0@dCNY50.00 | |
| 099 | @aCAL 012016137504 | |
| 100 | @a20160908d2016 ekmy0chiy50 ea | |
| 101 | 1 | @achi@ceng |
| 102 | @aCN@b310000 | |
| 105 | @ay a 000yy | |
| 200 | 1 | @a制度、制度变迁与经济绩效@Azhi du 、zhi du bian qian yu jing ji ji xiao@f(美) 道格拉斯·C. 诺思著@d= Institutions, institutional change and economic performance@fDouglass C. North@g杭行译@zeng |
| 210 | @a上海@c格致出版社@c上海人民出版社@d2016 | |
| 215 | @a40, 176页@d24cm | |
| 225 | 2 | @a世纪中国论坛典藏文库@Ashi ji zhong guo lun tan dian cang wen ku |
| 305 | @a本书据1990年英文版译出 | |
| 306 | @a本书中文简体字版由剑桥大学出版社授权格致出版社合作出版 | |
| 320 | @a有书目 (第168-176页) | |
| 330 | @a本书作者诺思通过建立一个完整的分析制度及制度变迁的理论框架, 揭示了制度在经济绩效中的作用, 指出制度是一个社会的博弈规则, 由正式的规则、非正式的约束以及它们的实施特征三个基本部分构成。 | |
| 333 | @a经济学研究人员 | |
| 410 | 0 | @12001 @a世纪中国论坛典藏文库 |
| 500 | 10 | @aInstitutions, institutional change and economic performance@mChinese |
| 606 | 0 | @a制度经济学@Azhi du jing ji xue |
| 690 | @aF014.1@v5 | |
| 690 | @aF091.349@v5 | |
| 701 | 1 | @a诺思@Anuo si@g(North, Douglass C.),@f1920-@4著 |
| 702 | 0 | @a杭行@Ahang hang@4译 |
| 801 | 0 | @aCN@bWHUTL@c20161110 |
| 905 | @aBZT@dF014.1@e10 | |
| 制度、制度变迁与经济绩效/(美) 道格拉斯·C. 诺思著= Institutions, institutional change and economic performance/Douglass C. North/杭行译.-上海:格致出版社:上海人民出版社,2016 |
| 40, 176页;24cm.-(世纪中国论坛典藏文库) |
| 使用对象:经济学研究人员 |
| ISBN 978-7-5432-2650-0:CNY50.00 |
| 本书作者诺思通过建立一个完整的分析制度及制度变迁的理论框架, 揭示了制度在经济绩效中的作用, 指出制度是一个社会的博弈规则, 由正式的规则、非正式的约束以及它们的实施特征三个基本部分构成。 |
| ● |
| 相关链接 |
|
|
|
正题名:制度、制度变迁与经济绩效
索取号:F014.1/10
 
预约/预借
| 序号 | 登录号 | 条形码 | 馆藏地/架位号 | 状态 | 备注 |
| 1 | 2001390282 | 2001390282 | 516书库/ [索取号:F014.1/10] | 在馆 | |
| 2 | 2001390283 | 2001390283 | 516书库/ [索取号:F014.1/10] | 在馆 | |
| 3 | 2001480000 | 2001480000 | 218书库/ [索取号:F014.1/10] | 在馆 | |
| 4 | 2001480001 | 2001480001 | 218书库/ [索取号:F014.1/10] | 在馆 | |
| 5 | 2001480002 | 2001480002 | 218书库/ [索取号:F014.1/10] | 在馆 | |
| 6 | 2001480003 | 2001480003 | 218书库/ [索取号:F014.1/10] | 在馆 | |
| 7 | 2001480004 | 2001480004 | 218书库/ [索取号:F014.1/10] | 在馆 |